00381nam a2200157Ia 45000010006000000050017000060080041000230410008000640820017000721000036000892450045001252600009001703000028001796500008002076540008002152472820260414151102.0260414t2019||||xx |||||||||||||| ||spa|| aESP a345.727bA11 aAbanto Torres, Jaime DavideAUT 0aCociliación extrajudicial y judicialb c2019 a668 páginas :c25 cm. aDER aCDE